000 00304nam a2200133Ia 4500
999 _c6661
_d6661
003 OSt
008 191201s2011 xx 000 0 und d
100 _aNSE INDIA
245 0 _aMutual Funds: A Beginners Module
260 _aN. delhi
_bNSE (NCFM)
_c2011
300 _a70
650 _aNCFM
942 _2ddc
_cBK